| 000 | 00370nam a2200145Ia 4500 | ||
|---|---|---|---|
| 005 | 20250729165800.0 | ||
| 008 | 250729s2017 xx 000 0 und d | ||
| 041 | _aeng | ||
| 082 | _a370.25 SHIG | ||
| 100 |
_aShiva Kumar _9232869 |
||
| 245 | _aGender,School and Society | ||
| 260 |
_aMysore _bVismaya Prakashana _c2017 |
||
| 300 | _a203p | ||
| 650 |
_aPsychology _9232870 |
||
| 999 |
_c239997 _d239997 |
||